8 Minutes of Geographical Facts - Statistics

General Stats
  • This quiz has been taken 58 times
  • The average score is 66 of 101
Answer Stats
Hint Answer % Correct
Countries with more Nuclear Weapons than Domino's Pizza locations | Country with the tallest building in Europe | Largest countries Russia
100%
Countries ranking 4th-6th for most Spanish speakers | Country with the tallest building in North America | Largest countries | +2 others United States
98%
Largest countries Canada
96%
France shares its longest border (730km) with this country Brazil
94%
Countries with more Nuclear Weapons than Domino's Pizza locations | Most visited countries China
94%
Country with 3 different capitals for different parts of the government | Country with the tallest building in Africa South Africa
94%
US state which - unlike its name suggests - is not an island Rhode Island
92%
"Newest" country (2011) South Sudan
92%
Country with 1.7 kangaroos per person | Country with the tallest building in Oceania | Flags which include the flag of the UK Australia
90%
Enclaved countries | Least populated countries (less than 52k inhabitants) San Marino
90%
Enclaved countries | Least populated countries (less than 52k inhabitants) | Only perfectly square flags Vatican City
90%
Enclaved countries Lesotho
88%
Countries ranking 4th-6th for most Spanish speakers | Most visited countries Spain
88%
Only major city which sits on two different continents Istanbul
85%
Least populated countries (less than 52k inhabitants) | Most densely populated country (18 235 people per km²) Monaco
81%
Flags including the nordic cross Denmark
79%
This country is home to 20k+ castles Germany
79%
Flags including the nordic cross Sweden
79%
Country with the highest amount of tractors per person | Flags including the nordic cross Finland
77%
Flags including the nordic cross Norway
77%
Most visited countries Italy
75%
Flags including the nordic cross Iceland
73%
This country has the largest stadium on Earth (132k spectators) | This country ranks 5th by GDP India
73%
Least densely populated country (2 people per km²) Mongolia
73%
Only non-quadrilateral flag Nepal
73%
Most visited countries France
71%
Official name of the UK's flag Union Jack
71%
This country ranks 6th by GDP United Kingdom
71%
Flags which include the flag of the UK Fiji
69%
21% of fresh water is contained in this system of lakes Great Lakes System
69%
Least populated countries (less than 52k inhabitants) | Most obese countries Nauru
69%
Tallest country (184cm / 170cm on average) Netherlands
69%
Flags which include the flag of the UK New Zealand
69%
Similar flag as Monaco Indonesia
67%
Only perfectly square flags Switzerland
67%
Flags which include the flag of the UK | Its internet domain name accounts for ~10% of the government's revenue ($2.2 million) | Least populated countries (less than 52k inhabitants) Tuvalu
67%
Country with the tallest building in South America Chile
65%
This country lost 3.2 million people since 2010 Japan
65%
The flag of this UK-state isn't represented in the UK's flag Wales
65%
Country with a bigger population than Russia whilst being 115x smaller Bangladesh
63%
This country gained 57.4 million people since 2010 Nigeria
63%
Least populated countries (less than 52k inhabitants) | Most obese countries | The US-Dollar is an official currency in these countries Palau
63%
Very small country in Asia with a higher GDP per capita ($ 79 816) than the US Brunei
60%
Mirrored flag of Ireland Ivory Coast
60%
This US state would rank 6th as a country by GDP California
58%
Territories of France Réunion
58%
The greater area of this city holds almost as many people as Canada Tokyo
58%
Territories of France Martinique
54%
Similar flag as Romania Chad
52%
Most obese countries | The US-Dollar is an official currency in these countries Marshall Islands
52%
Countries ranking 4th-6th for most Spanish speakers Venezuela
52%
Bitcoin is an official currency in these countries | The US-Dollar is an official currency in these countries El Salvador
50%
Territories of France French Guyana
50%
The US-Dollar is an official currency in these countries F. S. Micronesia
46%
Territories of France Guadeloupe
46%
The US-Dollar is an official currency in these countries | This country used to have 100 trillion dollar bills Zimbabwe
44%
Used to have a flag consisting of just one colour (until 2011) Libya
42%
Least populated countries (less than 52k inhabitants) Liechtenstein
42%
Countries with more Nuclear Weapons than Domino's Pizza locations Pakistan
42%
This 50% of the Earth includes 90% of all population Northern Hemisphere
40%
Only flag which doesn't have any red, white or blue in it Jamaica
38%
Country with the tallest building in Africa United Arab Emirates
33%
Territories of France Saint Martin
31%
Territories of France New Caledonia
29%
Responsible for 20% of Earth's Oxygen Amazon Rainforest
27%
Country with the highest amount of tractors per person Austria
27%
Territories of France St. Pierre and Miquelon
27%
The US-Dollar is an official currency in these countries Ecuador
25%
Country with the highest amount of tractors per person Ireland
25%
Territories of France Mayotte
25%
Least tall country (160cm / 153cm on average) | The US-Dollar is an official currency in these countries East-Timor
19%
Country with the highest amount of tractors per person Estonia
19%
Territories of France Wallis and Futuna
19%
Bitcoin is an official currency in these countries Central African Republic
10%
Country with the highest amount of tractors per person Slovenia
8%
No matching quizzes found
Score Distribution
Percent of People with Each Score
Percentile by Number Answered
Your Score History
You have not taken this quiz